VEGETATIVE PROPAGATION OF Mimosa Caesalpiniifolia BY MINI-CUTTINGS TECHNIQUE (Registro n. 330427)
[ somente texto ]
| 000 -LÍDER | |
|---|---|
| fixed length control field | 03772nab a2200325 i 4500 |
| 003 - CÓDIGO MARC DA AGÊNCIA CATALOGADORA | |
| Campo de controle | BR-BrBNA |
| 005 - DATA E HORA DA ÚLTIMA ATUALIZAÇÃO | |
| Campo de controle | 20250314161351.0 |
| 008 - CAMPO DE TAMANHO FIXO | |
| fixed length control field | 250314b2022 bl.ar|pooa||| 00| 0 eng | |
| 040 ## - FONTE DA CATALOGAÇÃO | |
| Agência catalogadora | BR-BrBNA |
| Idioma da catalogação | eng |
| 072 ## - CATEGORIA AGRIS | |
| Código AGRIS | K10 |
| Código do objeto | 3290 |
| 100 ## - ENTRADA PRINCIPAL - NOME PESSOAL | |
| Nome pessoal | Silva, Ana Karla Vieira da |
| 100 ## - ENTRADA PRINCIPAL - NOME PESSOAL | |
| Nome pessoal | Aguiar, Thamiris da Silva |
| 100 ## - ENTRADA PRINCIPAL - NOME PESSOAL | |
| Nome pessoal | Santos, Márcia Ellen Chagas dos |
| 100 ## - ENTRADA PRINCIPAL - NOME PESSOAL | |
| Nome pessoal | Araújo, Jayane Karine Pereira de |
| 100 ## - ENTRADA PRINCIPAL - NOME PESSOAL | |
| Nome pessoal | Freire, Álvaro da Costa |
| 100 ## - ENTRADA PRINCIPAL - NOME PESSOAL | |
| Nome pessoal | Salami, Gabriela |
| 100 ## - ENTRADA PRINCIPAL - NOME PESSOAL | |
| Nome pessoal | Araujo, Poliana Coqueiro Dias |
| 245 ## - TÍTULO PRINCIPAL | |
| Título principal | VEGETATIVE PROPAGATION OF Mimosa Caesalpiniifolia BY MINI-CUTTINGS TECHNIQUE |
| 500 ## - NOTA GERAL | |
| Nota geral | Publicação on-line; 43 ref.; 4 illus; Sumaries (En, Pt) |
| 942 ## - ADDED ENTRY ELEMENTS (KOHA) | |
| Koha item type | Analítica |
| 520 ## - NOTA DE RESUMO | |
| Nota de conteúdo | <br/><br/>ABSTRACT – This study aimed to establish a methodology for vegetative propagation via mini-cuttings technique for Mimosa Caesalpiniifolia. For such, three independent experiments were conducted: the fi rst one evaluated survival and production of mini-stumps; the second tested the interaction between mini-cuttings types (apical and intermediate) and diff erent concentrations of indolbutyric acid (IAB; 0, 2,000, 4,000 and 6,000 mg.L-1) on adventitious rooting; and the third analyzed the eff ect of leaf area reduction (0%, 25%, 50%, 75%, and 100%) on mini-cuttings. Mini-stumps survival at 180 days was 80%, with an average yield of 5 sprouts per mini-stump at 120 days. Apical mini-cuttings demonstrated a higher rooting percentage, without IBA application, higher than 80%. On the other hand, IBA application promotes increased rooting percentage in intermediate mini-cuttings. Treatments without leaf reduction and with reduction of 25% promoted better results concerning rooting and plant development. Results support the hypothesis that mini-cuttings technique is viable for the propagation of Mimosa Caesalpiniifolia. <br/><br/>Keywords: Plant propagation; Adventitious rooting; Indole-3-butyric acid. |
| 520 ## - NOTA DE RESUMO | |
| Nota de conteúdo | <br/><br/>RESUMO – Este trabalho teve como objetivo estabelecer uma metodologia de propagação vegetativa via técnica de miniestaquia para Mimosa Caesalpiniifolia. Para tanto, foram conduzidos três experimentos independentes: o primeiro avaliou a sobrevivência e produção das minicepas; o segunda testou a interação entre tipos de miniestacas (apical e intermediária) e diferentes concentrações de ácido indolbutírico (AIB; 0, 2.000, 4.000 e 6.000 mg.L-1) no enraizamento adventício; e o terceira analisou o efeito da redução da área foliar (0%, 25%, 50%, 75% e 100%) nas miniestacas. A sobrevivência das minicepas aos 180 dias foi de 80%, com rendimento médio de 5 brotos por minicepa aos 120 dias. Miniestacas apicais apresentaram maior porcentagem de enraizamento, sem aplicação de AIB, superior a 80%. Por outro lado, a aplicação de AIB promove aumento da porcentagem de enraizamento em miniestacas intermediárias. Os tratamentos sem redução foliar e com redução de 25% promoveram melhores resultados quanto ao enraizamento e desenvolvimento das plantas. Os resultados confirmam a hipótese de que a técnica de miniestaquia é viável para propagação de Mimosa Caesalpiniifolia. <br/><br/>Palavras-Chave: Propagação de plantas; Enraizamento adventício; Ácido indol-3-butírico. |
| 650 ## - ASSUNTO - THESAGRO | |
| Cabeçalho tópico ou nome geográfico | SABIÁ |
| 650 ## - ASSUNTO - THESAGRO | |
| Cabeçalho tópico ou nome geográfico | ÁRVORE ANGIOSPERMA |
| 650 ## - ASSUNTO - THESAGRO | |
| Cabeçalho tópico ou nome geográfico | PROPAGAÇÃO VEGETATIVA |
| 650 ## - ASSUNTO - THESAGRO | |
| Cabeçalho tópico ou nome geográfico | ENRAIZAMENTO DE ESTACA |
| 773 0# - ENTRADA ANALÍTICA | |
| Host Biblionumber | 812 |
| Registro do item | 346929 |
| Imprenta | Viçosa-MG Sociedade de Investigações Florestais - Universidade Federal de Viçosa. Depto. de Engenharia Florestal 1977 |
| Outro identificador | 2024-7727 |
| Título | Revista Árvore (Brazil) |
| ISSN | 0100-6762 |
| Colação | v. 46 p. 1-13 ; (2022) |
| Número de controle de registro | BR2024004894 |
| 856 ## - ACESSO E ENDEREÇO ELETRÔNICO | |
| Identificador uniforme de recurso - URI | https://www.scielo.br/j/rarv/a/n3KW4D4mC6kLgpvQPxnvHLC/?format=pdf&lang=en |
Nenhum exemplar disponível.

BINAGRI